Sex and the Soul : (Record no. 605820)

MARC details
000 -LEADER
fixed length control field 00468nam a2200193 a 4500
008 - FIXED-LENGTH DATA ELEMENTS--GENERAL INFORMATION
fixed length control field 251227s2008##################000#0#eng##
020 ## - INTERNATIONAL STANDARD BOOK NUMBER
ISBN 9780195311655
082 04 - DEWEY DECIMAL CLASSIFICATION NUMBER
Classification number 205.06
Item number FRE
100 1# - MAIN ENTRY--AUTHOR NAME
Personal name Freitas, Donna,
245 10 - TITLE STATEMENT
Title Sex and the Soul :
260 ## - PUBLICATION, DISTRIBUTION, ETC. (IMPRINT)
Year of publication 2008.
300 ## - PHYSICAL DESCRIPTION
Number of Pages 336 pages
650 #0 - SUBJECT ADDED ENTRY--TOPICAL TERM
Topical Term Education.
942 ## - ADDED ENTRY ELEMENTS (KOHA)
Koha item type English Books
Holdings
Withdrawn status Lost status Damaged status Not for loan Home library Current library Shelving location Date acquired Full call number Accession Number Price effective from Koha item type
        Anna Centenary Library Anna Centenary Library 3RD FLOOR, B WING 29.12.2025 205.06 FRE 198853 29.12.2025 English Books

Find us on the map